| 000 | 00370nam a2200109Ia 4500 | ||
|---|---|---|---|
| 008 | 171211s9999 xx 000 0 und d | ||
| 245 | _aEurope from a Backpack: Real Stories from Young Travelers Abroad (From a Backpack series) | ||
| 245 | _cMark Pearson and Martin Westerman | ||
| 260 | _c2004 | ||
| 650 | _xTRAVEL | ||
| 856 | _uhttp://down.ebook777.com/060/0974355208.pdf | ||
| 999 |
_c349202 _d349202 |
||